Alimentación de los rumiantes : (Record no. 83973)

MARC details
000 -LEADER
campo de control de longitud fija 00828nam a2200217 i 4500
001 - NÚMERO DE CONTROL
campo de control 83973
003 - IDENTIFICADOR DE NÚMERO DE CONTROL
campo de control ES-MaACL
005 - FECHA Y HORA DE LA ÚLTIMA TRANSACCIÓN
campo de control 20230906174926.0
007 - CAMPO FIJO DE DESCRIPCIÓN FÍSICA--INFORMACIÓN GENERAL
campo de control de longitud fija t|
008 - DATOS DE LONGITUD FIJA--INFORMACIÓN GENERAL
campo de control de longitud fija 041119s1981 sp 00110 spa d
020 ## - NÚMERO INTERNACIONAL ESTÁNDAR DEL LIBRO
Número Internacional Estándar del Libro 84-7114-094-2
080 ## - NÚMERO DE LA CLASIFICACIÓN DECIMAL UNIVERSAL
Número de la Clasificación Decimal Universal 636.2.084
245 00 - MENCIÓN DEL TÍTULO
Título Alimentación de los rumiantes :
Resto del título principios de nutrición y alimentación de los rumiantes : necesidades alimenticias de los animales : valor nutritivo de los alimentos /
Mención de responsabilidad, etc. publicado bajo la dirección de Robert Jarrige ; versión española de J. Carlos de Blas y María Jesús Fraga.
260 ## - PUBLICACIÓN, DISTRIBUCIÓN, ETC.
Lugar de publicación, distribución, etc. Madrid :
Nombre del editor, distribuidor, etc. Mundi-Prensa,
Fecha de publicación, distribución, etc. 1981.
300 ## - DESCRIPCIÓN FÍSICA
Extensión 697 p. ;
Dimensiones 25 cm.
650 ## - PUNTO DE ACCESO ADICIONAL DE MATERIA--TÉRMINO DE MATERIA
Término de materia o nombre geográfico como elemento de entrada Rumiantes.
9 (RLIN) 16954
700 1# - ENTRADA AGREGADA--NOMBRE PERSONAL
Nombre de persona Jarrige, Robert.
9 (RLIN) 66143
700 1# - ENTRADA AGREGADA--NOMBRE PERSONAL
Nombre de persona Blas, J. Carlos de.
9 (RLIN) 29343
700 1# - ENTRADA AGREGADA--NOMBRE PERSONAL
Nombre de persona Fraga, María Jesús.
9 (RLIN) 52067
852 4# - LOCALIZACIÓN
Ubicación ES-MaACL
Número de control de estantería L-3798
Holdings
Estatus retirado Estado de pérdida Estado de daño No para préstamo Biblioteca de origen Biblioteca actual Ubicación en estantería Fecha de adquisición Fuente de adquisición Total de préstamos Signatura topográfica completa Código de barras Visto por última vez Precio de reemplazo Tipo de ítem Koha
        Biblioteca del Ateneo de Madrid Biblioteca del Ateneo de Madrid Depósito 2 17/01/2008     L-3798 1087760 23/02/2023 23/02/2023 Libro impreso